Ultimate Kendrick Lamar Quiz - Statistics

General Stats
  • This quiz has been taken 84 times
  • The average score is 19 of 50
Answer Stats
Hint Answer % Correct
Artist who the above was targeted towards Drake
95%
Most streamed diss track Not Like Us
95%
Birth city Compton
94%
Closing track on Good Kid m.A.A.d city Compton
94%
Most streamed album DAMN.
92%
Most recent album GNX
88%
Most streamed song HUMBLE.
88%
Highest rated album on RYM To Pimp a Butterfly
83%
Kendrick's last name Duckworth
78%
Most streamed mixtape Section.80
77%
First studio album Good Kid m.A.A.d City
75%
Opening track on DAMN. BLOOD.
66%
Producer of Compton Dr. Dre
56%
Songs produced by Pharell good kid
53%
Mr. Morale
53%
Double sided LP Mr. Morale and the Big Steppers
53%
Alright
48%
Cartoons and ______ Cereal
45%
Other members of the above group Jay Rock
45%
Person interviewed in Mortal Man 2Pac
44%
Who Kendrick is talking to in 'u' Himself
43%
Top Dawg Entertainment
43%
Schoolboy Q
42%
Ab-Soul
40%
2008 rap group Black Hippy
40%
First diss track against Drake (2014) Control
29%
Record Labels Interscope
26%
Produced by The Alchemist Meet the Grahams
25%
Atrocity Exhibition song that Lamar featured on Really Doe
21%
Feature on Untitled 04 | 08.14.2014 SZA
21%
. Aftermath
19%
FEAR.
19%
Person shot in Good Kid m.A.A.d City Dave
17%
Producer of FEEL., United in Grief, and Bitch, don't kill my vibe Sounwave
17%
Produced by Madlib (feature) No More Parties in L.A.
14%
Opening song of Overly Dedicated Growing Apart (To Get Closer)
13%
Perspective of the second verse on Sing About Me, I'm Dying of Thirst Keisha's sister
13%
Name of Kendrick's first born child Uzi
12%
Time signature of the second half of 'u' 6/8
10%
The Heart Part 4
10%
We Cry Together
10%
Book of the bible Untitled Unmastered is based on Revelation
9%
Saxophonist for the second half of 'u' Kamasi Washington
6%
Bible verse recited on LUST. James 4:4
5%
ABC
4%
Bible verse Uncle Carl recites on FEAR. Deuteronomy 28:28
3%
Perspectives of each verse on Prayer I Have a Dream
3%
Art
1%
The symbol of the woman in BLOOD. Lady Justice
1%
Kendrick's first rap name Volcano
1%
No matching quizzes found
Score Distribution
Percent of People with Each Score
Percentile by Number Answered
Your Score History
You have not taken this quiz